|
|
|
|
| LEADER |
00000nam0a2200000 4500 |
| 001 |
221496 |
| 005 |
20231101230414.0 |
| 010 |
|
|
|a 9785369007532
|
| 010 |
|
|
|a 978-5-16-004540-5
|
| 035 |
|
|
|a (RuTPU)RU\TPU\book\241654
|
| 090 |
|
|
|a 221496
|
| 100 |
|
|
|a 20120911d2013 m y0rusy50 ca
|
| 101 |
0 |
|
|a rus
|
| 102 |
|
|
|a RU
|
| 105 |
|
|
|a a j 001zy
|
| 200 |
1 |
|
|a История России (1985-2008 годы)
|e учебное пособие для вузов
|f Г. И. Герасимов
|
| 205 |
|
|
|a 2-е изд.
|
| 210 |
|
|
|a Москва
|c Инфра-М
|c РИОР
|d 2013
|
| 215 |
|
|
|a 315 с.
|c ил.
|
| 225 |
1 |
|
|a Высшее образование. Бакалавриат
|
| 320 |
|
|
|a Библиогр.: с. 306-314.
|
| 330 |
|
|
|a Главная цель настоящего пособия состоит в выявлении смысла исторического развития современной России, который, по мнению автора, заключается в поиске и обретении свободы российским народом. Учебное пособие отличается особенностями авторской концепции анализа исторических событий, новизной, полнотой охвата и глубиной разработки учебного материала. Пособие насыщено фактическим материалом, позволяющим полнее раскрыть историческую эпоху и почувствовать ее особенности. Предназначено для студентов, обучающихся по направлению 030400 «История», а также для углубленного изучения курса истории России студентами гуманитарных вузов.
|
| 606 |
1 |
|
|a Россия
|x История
|z 1945-
|2 stltpush
|3 (RuTPU)RU\TPU\subj\66808
|9 82831
|
| 610 |
1 |
|
|a СССР
|
| 610 |
1 |
|
|a Российская Федерация
|
| 610 |
1 |
|
|a перестройка
|
| 610 |
1 |
|
|a 20 век
|
| 610 |
1 |
|
|a экономические реформы
|
| 610 |
1 |
|
|a политика
|
| 610 |
1 |
|
|a рыночная экономика
|
| 610 |
1 |
|
|a культура
|
| 610 |
1 |
|
|a учебные пособия
|
| 686 |
|
|
|a Т3(2)63/64я73
|v LBC/SL-A
|2 rubbk
|
| 700 |
|
1 |
|a Герасимов
|b Г. И.
|g Григорий Иванович
|
| 801 |
|
1 |
|a RU
|b 63413507
|c 20120911
|
| 801 |
|
2 |
|a RU
|b 63413507
|c 20150429
|g RCR
|
| 900 |
|
|
|a История
|
| 942 |
|
|
|c BK
|
| 951 |
|
|
|b 030600
|
| 959 |
|
|
|a 114/20120911
|d 2
|e 269,90
|f ЧЗГЛ:1
|f АНЛ:1
|